000 00463nam a22001817a 4500
003 MPLRDC
005 20220104142714.0
008 210129b ||||| |||| 00| 0 eng d
020 _a0-9651493-3-1
082 _a411.3 SASO
100 _aMICHAEL SASO
245 _a吃的心安理得
_c杨素贞译
260 _a
_bTRICOM PUBLICATION
_c1995
300 _b
490 _a完全自然生活手册. 4
650 _a营养与食品
942 _cBK
_o411.3 SASO
999 _c33048
_d33038